| 000 | 00715nam a2200253 u 4500 | ||
|---|---|---|---|
| 999 |
_c171752 _d171752 |
||
| 003 | UPN | ||
| 005 | 20240831063801.0 | ||
| 008 | 140919s2009 es r 000 0 spa d | ||
| 020 | _a9788423693122 | ||
| 035 | _aUPN01000199651 | ||
| 040 |
_aUPN _bspa _cUPN |
||
| 049 | _aI | ||
| 050 | 4 |
_aPZ71 _bA9.3 |
|
| 100 | 1 |
_aAznar, Jesús _936309 |
|
| 245 | 1 | 3 |
_aUn cuento muy chiquitito / _cJesús Aznar ; il. de Blanca Bk. |
| 260 |
_aBarcelona, Esp. : _bEdebé, _c2009. |
||
| 300 |
_a31 p. : _bil. |
||
| 440 | 0 |
_aMis cuentos favoritos. _pTren azul |
|
| 650 | 4 |
_aCuentos infantiles españoles _97725 |
|
| 650 | 4 |
_aLibros y lectura para niños _92290 |
|
| 905 | _aInfantil | ||
| 942 |
_2lcc _cLIBRO |
||